000 00367nam a2200145Ia 4500
008 220216s9999 xx 000 0 und d
100 _aSaj Mathews A
245 0 _aMalaysia will be global centre of excellence for rubber
260 _bRubber Asia
_c2011
300 _a34-41
500 _aSource Year: 2011
650 _aMalaysia
650 _aRubber
942 _cJS
999 _c62386
_d62386